000 00799cam a22002411 4500
001 gs 08000327
003 DLC
005 20260227111308.0
008 750616s1908 ncub 000 0 eng
010 _ags 08000327
035 _a(OCoLC)1394330
040 _aDLC
_cOT
_dOCoLC
_dDLC
042 _apremarc
050 0 0 _aS623
_b.A7
100 1 _aAshe, W. W.
_q(William Willard),
_d1872-1932.
245 1 0 _aTerracing of farm lands /
_cby W. W. Ashe.
260 _aRaleigh :
_bE. M. Uzell, public printers,
_c1908.
300 _a 38 p. :
_bVI pl. (incl. map) diagrs. ;
_c26 cm.
490 1 _aNorth Carolina. Geological and Economic Survey. Bulletin,
_vno. 17
650 0 _aSoils
_zNorth Carolina.
650 0 _aErosion.
830 0 _aBulletin (North Carolina Geological and Economic Survey) ;
_vno. 17.
999 _c24753
_d24753